| 000 | 02587cam a22005654i 4500 | ||
|---|---|---|---|
| 003 | PE-LiUPU | ||
| 005 | 20250731173350.0 | ||
| 008 | 150706s1996 mdu r 000 0 spa d | ||
| 035 | _a(Sirsi) a48105 | ||
| 040 |
_aPE-LiUPU _bspa _cPE-LiUPU _erda |
||
| 049 | _aPRUA | ||
| 082 | 0 | 4 |
_a286.73205 _bEM _221 |
| 082 | 0 | 4 |
_a220.1 _bV28 _220 |
| 100 | 1 |
_aVan Dolson, Leo, _eautor. |
|
| 245 | 1 | 0 |
_aCómo sacar el mayor provecho del estudio de la Biblia / _cLeo Van Dolson. |
| 264 | 1 |
_aHagerstown, Maryland : _bReview & Herald, _c1996. |
|
| 300 |
_a94 páginas ; _c22 centímetros. |
||
| 336 |
_atext _2rdacontent |
||
| 337 |
_aunmediated _2rdamedia |
||
| 338 |
_avolume _2rdacarrier |
||
| 490 | 0 |
_aEdiciones Ministeriales ; _v9 |
|
| 505 | 0 | _aEscuche -Dios está en la línea -- Diez pasos hacia un estudio significativo -- Tesoro escondido en el campo -- Deje que el autor diga lo que desea decir -- Lluvia de bendiciones -- Mirando con un bolígrafo -- La búsqueda -- Haciendo lo corto dulce -- Pirámides, progreso y principios -- Poniéndolo todo junto -- Palabras para el crecimiento. | |
| 526 | _aSEG42 | ||
| 526 | _aSEG41 | ||
| 526 | _aSEG40 | ||
| 526 | _aSEG39 | ||
| 526 | _aP94 | ||
| 526 | _aP87 | ||
| 526 | _aP86 | ||
| 526 | _aP85 | ||
| 526 | _aP77 | ||
| 526 | _aP76 | ||
| 526 | _aP35 | ||
| 541 | _CW60974. | ||
| 541 | _CW60973. | ||
| 650 | 0 | 4 |
_aBiblia _xEnseñanza. |
| 910 |
_agl _bjv _d20100212 |
||
| 910 |
_btqv _cjhc _d20161205 |
||
| 910 |
_adbm _bjpc _cjpc _d20180305 |
||
| 942 |
_2ddc _cBOOK |
||
| 949 |
_a286.73205 V28 1996 _wDEWEY _c1 _iFJ04714 _lCCODEBUJ1 _mBUJ _p8.00 _r0 _sY _tBOOK _u2015-07-08 _xEDUCACIÓN _PP14 _o.STAFF -- Colección General Juliaca |
||
| 994 |
_aC0 _bPEPRU |
||
| 596 | _a1 3 4 | ||
| 999 |
_a286.73205 EM _wDEWEY _c50321 _iCW60973 _d50321 _e2017-5-9 _f2018-2-7 _g2 _lCCODECWL1 _mBUL _n2 _p10.00 _r0 _sY _tBOOK _u2015-7-6 _xWHITE _zUNKNOWN _o.STAFF. Colección General |
||
| 999 |
_a286.73205 EM 9 _wDEWEY _c1 _iCW60974 _f2021-12-22 _g2 _lCCODECWL1 _mBWL _p10.00 _r0 _sY _tBOOK _u2015-7-6 _xWHITE _zUNKNOWN _o.STAFF. Centro White |
||
| 999 |
_a286.73205 EM _wDEWEY _c1 _i60973 _f2021-11-11 _g3 _lCCODEBUL1 _mBUL _p8.00 _r0 _sY _tBOOK _u2019-4-23 _xTEOLOGIA _PP35 _0DONACION _o.STAFF. Colección Teología |
||
| 999 |
_a286.73205 V28 1996 _wDEWEY _c1 _iFJ04714 _f2022-2-3 _g2 _lCCODEBUJ1 _mBUJ _p8.00 _r0 _sY _tBOOK _u2019-4-23 _xTEOLOGIA _zP20 _0COMPRA _o.STAFF. Colección Teología |
||
| 980 |
_81 _gALBERTO SANCHEZ Responsable de Automatización |
||